| 000 | 00627cam a2200205 a 4500 | ||
|---|---|---|---|
| 001 | 000014518 | ||
| 005 | 20200929163850.0 | ||
| 008 | 850220s1985 nq 000 0 spa | ||
| 035 | _a(DLC) 84123501 | ||
| 040 |
_aDO-SdBNP _bspa _cBNPHU _dDLC |
||
| 082 |
_a972.85053 _bT843q |
||
| 100 | 1 |
_aTrobo, Claudio, _d1937- _932832 |
|
| 245 | 1 | 0 |
_aLo que pasa en Nicaragua / _cClaudio Trobo ; Manuel Mejía. |
| 260 |
_aManagua : _bNueva Nicaragua, _c1985. |
||
| 300 |
_a193 p. ; _c19 cm. |
||
| 651 | 4 |
_aNicaragua _xHistoria _y1979-1990. _916111 |
|
| 700 | 1 |
_aMejía, Manuel, _eed. _9723 |
|
| 910 | _aCatalogación derivada | ||
| 049 | _aBNGR | ||
| 999 |
_c14107 _d14107 |
||